000 00347 a2200157 4500
001 169150
020 _a
040 _cMagnum
100 _aNovaes, Maria Eliana
240 1 0 _aProfessora primaria: mestra ou tia
_lpor
245 1 0 _aProfessora primaria: mestra ou tia
362 0 _a1899
440 1 _aCortez
697 _aENSINO
942 _cBK
999 _c169150
_d169150